| 000 | 00684nam a2200205 a 4500 | ||
|---|---|---|---|
| 003 | 0 | ||
| 005 | 20240731133959.0 | ||
| 008 | 021121s19uu xx 00 eng d | ||
| 050 |
_aVHS 400 _bR 03 |
||
| 100 | _aASCD | ||
| 245 |
_aReading in the content areas (1) : _cAssociation for Supervision for Curriculum Development. _bpost reading strategies / |
||
| 260 |
_aAlexandria, Va : _bAssociation for Supervision and Curriculum Development, _cc2002. |
||
| 300 | _a3 tapes, 30 min. | ||
| 500 | _aLibrary has 3 copies | ||
| 650 | _aContent area reading. | ||
| 650 | _aReading comprehension. | ||
| 650 | _aIndividualized reading instruction. | ||
| 942 |
_cAVM _2lcc |
||
| 999 |
_c108530 _d108530 |
||